| 000 | 00676nam a2200181Ia 4500 | ||
|---|---|---|---|
| 008 | 151202s9999||||xx |||||||||||||| ||und|| | ||
| 082 | _bPNVM-38196 | ||
| 100 | _aपर्वतीकुमार. | ||
| 245 | _aतंजावर नृत्य-प्रबंा. | ||
| 260 | _b"महाराष्ट्र राज्य सा. स. मंडळ ,मुंबई." | ||
| 260 | _c1982 | ||
| 300 | _a134 | ||
| 600 | _aपर्वतीकुमार. | ||
| 630 | _aतंजावर नृत्य-प्रबंा. | ||
| 700 | _aपर्वतीकुमार. | ||
| 730 | _aतंजावर नृत्य-प्रबंा. | ||
| 942 | _cBOOK | ||
| 999 |
_c1304148 _d1304145 |
||